000 00206nam a22000857a 4500
008 161213b xxu||||| |||| 00| 0 eng d
100 _92010
_aDoshi.M.D.
245 _aGeneral Knowledge-VI
260 _bCordava
_c2009
999 _c4875
_d4875